Visualizzazione normale
Vista MARC
- Kresa
di Personal Name
Records bibliografici associati: 1
001 - CONTROL NUMBER
- control field: 22046
003 - CONTROL NUMBER IDENTIFIER
- control field: IT-RoPau
005 - DATE AND TIME OF LATEST TRANSACTION
- control field: 20140425115327.0
008 - FIXED-LENGTH DATA ELEMENTS
- fixed length control field: 140425|| aca||aabn | a|a d
040 ## - CATALOGING SOURCE
- Original cataloging agency: IT-RoPau
- Transcribing agency: IT-RoPau
100 ## - HEADING--PERSONAL NAME
- Personal name: Kresa
- Miscellaneous information: Codice autore SPICS: 22824
- Relator term: Autore
- Name of part/section of a work: That's My Desire
670 ## - SOURCE DATA FOUND
- Source citation: Work cat.: (IT-RoPau)101073: AA.VV. 794, Jazz. Gli uomini, gli strumenti, gli stili 94